000 00502nam a22001697a 4500
999 _c12504
_d12504
008 240930b 2023 ||||| |||| 00| 0 eng d
020 _a9789280117530
082 _a623.865
_bIMO
110 _aIMO - International Maritime Organization
245 _aLife-saving appliances including LSA code
260 _aLondon
_bInternational Maritime Organization
_c2023
300 _aviii,200p.
650 _aVisual Signals
650 _aSurvival Craft
650 _aLine-throwing appliances
942 _cBK